000 01015na a2200289 4500
001 16329
003 MIRAKIL
005 20181213155225.0
008 161003b tu 000 0
035 _a16329
040 _aMilas
_btur
_cTR-AnCHP
041 _atur
082 _a330.956327021
_bK84a 2000
090 _a330.956327021 K84a 2000
100 _aKulhan, Ethem
245 _aArtvin ili raporu
_cEthem Kulhan, Ahmet Hacıömeroğlu
260 _aAnkara
_bDevlet Planlama Teşkilatı (DPT)
_c2000
300 _a58 s.
_btbl.
_c27 sm.
490 _aDevlet Planlama Teşkilatı (DPT)
_v2499
500 _aKitapların sırt etiketinde bulunan cilt numaraları o ilin plaka kodunu göstermektedir.
650 _aSosyo ekonomik göstergeler
_yİstatistikler
_zArtvin
650 _aSosyo ekonomik göstergeler
_xİller
_yİstatistikler
_zTürkiye
651 _aArtvin
_xEkonomik durum
_yİstatistikler
651 _aArtvin
_xSosyal durum
_yİstatistikler
700 _aHacıömeroğlu, Ahmet
942 _2ddc
_cBKS
999 _c8807
_d8807